=LDR 00000nam 2200000 4500 =001 INLIS000000000026374 =005 20130612124823 =008 ***********************************Ind** =035 ##$$0010-061300000026374 =041 ##$$a Ind =082 ##$$a 617.77 =090 ##$$a 617.77, OKA =100 ##$$a Oka, P.N =245 ##$$a Ilmu perawatan mata, Dr. P.N Oka =260 ##$$a 1983 $b Surabaya =300 ##$$a ix, 64 hlm, ilus., 24 cm =650 ##$$a Mata - Penyakit - Perawatan =850 ##$$a NBPNMAT